Escritura para cine : los guiones de Claudio y Josefina de la Torre /

Gorde:
Xehetasun bibliografikoak
Egile nagusia: García-Aguilar, Alberto (autor.)
Formatua: eBook
Hizkuntza:gaztelania
Argitaratua: Zaragoza : Prensas de la Universidad de Zaragoza, 2025.
Gaiak:
Sarrera elektronikoa:https://elibro.unach.elogim.com/es/lc/unach/titulos/292375
Etiketak: Etiketa erantsi
Etiketarik gabe, Izan zaitez lehena erregistro honi etiketa jartzen!

MARC

LEADER 00000nam a2200000 i 4500
001 ELB292375
003 FINmELB
005 20260131102500.0
006 m o d |
007 cr cnu||||||||
008 260126s2025 sp o 001 0 spa d
020 |a 9788413409061  |q (e-book) 
035 |a (OCoLC)1574228131 
040 |a FINmELB  |b spa  |e rda  |c FINmELB 
050 4 |a PN1996  |b E37 2025 
080 |a 82-25 
082 0 4 |a 808.23  |2 23 
100 1 |a García-Aguilar, Alberto,  |e autor. 
245 1 0 |a Escritura para cine :  |b los guiones de Claudio y Josefina de la Torre /  |c Alberto García-Aguilar. 
264 1 |a Zaragoza :  |b Prensas de la Universidad de Zaragoza,  |c 2025. 
300 |a 1 recurso en línea (125 páginas) 
336 |a texto  |b txt  |2 rdacontent/spa 
337 |a computadora  |b c  |2 rdamedia/spa 
338 |a recurso en línea  |b cr  |2 rdacarrier/spa 
500 |a Incluye índice. 
588 |a Descripción basada en metadatos suministrados por el editor y otras fuentes. 
590 |a Recurso electrónico. Santa Fe, Arg.: elibro, 2026. Disponible vía World Wide Web. El acceso puede estar limitado para las bibliotecas afiliadas a elibro. 
650 4 |a Torre, Claudio de la,  |d 1895-1973  |x Guiones. 
650 4 |a Torre, Josefina de la,  |d 1907-2002  |x Guiones. 
650 4 |a Guiones cinematográficos españoles. 
655 4 |a Libros electrónicos. 
797 2 |a elibro, Corp. 
856 4 0 |u https://elibro.unach.elogim.com/es/lc/unach/titulos/292375